Des mathematiques partout...

Saved in:
Bibliographic Details
Main Author: Khurgin, IA. I. (IAkov Isaevich)
Format: Book
Language:French
Published: Moscou : Editions Mir, 1972.
Subjects:
Tags: Add Tag
No Tags, Be the first to tag this record!

MARC

LEADER 00000cam a2200000 a 4500
001 1/117642
008 181130t1972####ru | ||| |||| ||fre||
040 |a GR-MyUa  |b gre  |c GR-MyUa  |e AACR2 
041 0 |a fre 
082 7 |a 510  |2 (23) 
100 1 |a Khurgin, IA. I.   |q (IAkov Isaevich) 
245 1 4 |a Des mathematiques partout... /   |c I. Khourguine ; [traduit du russe par E. Bronina].  
260 |a Moscou :   |b Editions Mir,   |c 1972.  
300 |a 358, [2] σ. ;   |c 17 σ.  
650 0 |a Mathematics. 
852 |a INST  |b SAMOS  |e 20181130  |h 510 KHU  |p 005300045695  |q 005300045695  |t BK  |y 0 
970 |a Γουβάλα  |b Βάσω  |z 30-11-2018